5HLuxD.jpg

KING HENRY VIII SENIOR AND PRIMARY SCHOOL LIBRARY OPAC

Cambridge IGCSE and o Level Computer Science Study and Revision Guide Second Edition/ (Record no. 1737)

000 -LEADER
fixed length control field 01222nam a22002177a 4500
005 - DATE AND TIME OF LATEST TRANSACTION
control field 20230125092807.0
008 - FIXED-LENGTH DATA ELEMENTS--GENERAL INFORMATION
fixed length control field 230125b ||||| |||| 00| 0 eng d
020 ## - INTERNATIONAL STANDARD BOOK NUMBER
International Standard Book Number 9781398318489
040 ## - CATALOGING SOURCE
Transcribing agency KH8
082 ## - DEWEY DECIMAL CLASSIFICATION NUMBER
Classification number 004 WAT
100 ## - MAIN ENTRY--PERSONAL NAME
Personal name Watson, David
Relator term author
245 ## - TITLE STATEMENT
Title Cambridge IGCSE and o Level Computer Science Study and Revision Guide Second Edition/
Statement of responsibility, etc. David Watson, Helen Williams
250 ## - EDITION STATEMENT
Edition statement 2nd. ed.
260 ## - PUBLICATION, DISTRIBUTION, ETC.
Place of publication, distribution, etc. London:
Name of publisher, distributor, etc. Hodder Education Group,
Date of publication, distribution, etc. 2022.
300 ## - PHYSICAL DESCRIPTION
Extent 199 p. ;
Other physical details col. ill:
Dimensions 30 cm.
500 ## - GENERAL NOTE
General note include index
505 ## - FORMATTED CONTENTS NOTE
Formatted contents note <br/>Cover<br/>Book Title<br/>Copyright<br/>Contents<br/>Introduction<br/>Section 1 Computer Systems<br/>1 Data representation<br/>2 Data transmission<br/>3 Hardware<br/>4 Software<br/>5 The internet and its uses<br/>6 Automated and emerging technologies<br/>Section 2 Algorithms, programming and logic<br/>7 Algorithm design and problem solving<br/>8 Programming<br/>9 Databases<br/>10 Boolean logic<br/>Practice Paper 1A: Computer Systems<br/>Practice Paper 2A: Algorithms, programming and logic<br/>Answers to exam-style questions<br/>Answers to Practice Paper 1A<br/>Answers to Practice Paper 2A<br/>Index
650 ## - SUBJECT ADDED ENTRY--TOPICAL TERM
Topical term or geographic name entry element Computer science -- Examinations -- Study guides;
700 ## - ADDED ENTRY--PERSONAL NAME
Personal name Williams, Helen
Relator term author
942 ## - ADDED ENTRY ELEMENTS (KOHA)
Source of classification or shelving scheme
Koha item type Teaching Resources
Holdings
Withdrawn status Lost status Source of classification or shelving scheme Damaged status Not for loan Collection code Permanent Location Current Location Shelving location Date acquired Total Checkouts Full call number Barcode Date due Date last seen Date last checked out Copy number Price effective from Koha item type
          Teaching Resources KH8 Senior School Library KH8 Senior School Library Staff Office 2023-01-25 4 004 WAT TRKHSL000299 2026-07-03 2025-08-27 2025-08-27 1 2023-01-25 Teaching Resources
          Teaching Resources KH8 Senior School Library KH8 Senior School Library Staff Office 2023-01-25 5 004 WAT TRKHSL000300   2025-07-04 2024-11-05 2 2023-01-25 Teaching Resources

Powered By KH8 IT Dept